000 00510nam a2200181Ia 4500
005 20250508154504.0
008 008 250505s9999 xx 000 0 eng d
037 _aTextual
040 _aFEDL
_beng
_cFEDL
041 _aeng
_2eng
084 _a371.1, ABR
_qFEDL
100 _aAbraham Willard
_9140192
245 0 _aHandbook for the new teacher
260 _aNew York, USA
_bHolt, Rinehart and Winston
_c1961
300 _aiv,60p.
942 _cTEXL
_h371.1, ABR
999 _c1350549
_d1350549